| 000 | 00670nam a22002297a 4500 | ||
|---|---|---|---|
| 003 | dpl | ||
| 005 | 20180625143228.0 | ||
| 008 | 180625b xxu||||| |||| 00| 0 eng d | ||
| 010 | _aB-061177 | ||
| 016 | _aB-061177 | ||
| 020 |
_c975.00 _a8178330938 |
||
| 035 | _aB-061177 | ||
| 037 | _aBPPD/PUB | ||
| 040 |
_aDPL _bEN _c0 |
||
| 082 |
_a668.1 _bHAN |
||
| 100 | _aBoard Niir | ||
| 245 |
_aHand Book on Soaps, Detergents and Acid Slurry / _cby Niir Board |
||
| 260 |
_aNew Delhi _bAsia Pacific Business Press Inc. |
||
| 270 |
_a106-E Kamla Nagar, P.B. No.2162 _bNew Delhi |
||
| 300 |
_a686p. _c22cms(Hb) _bill. |
||
| 942 |
_2ddc _cEN _h668.1 _mHAN |
||
| 999 |
_c153066 _d153066 |
||